Contabilidad básica (Registro nro. 13161)
[ vista simple ]
| 000 -CABECERA | |
|---|---|
| campo de control de longitud fija | 01101nam a22003977a 4500 |
| 005 - FECHA Y HORA DE ACTUALIZACIÓN | |
| campo de control | 20230223180641.0 |
| 008 - LONGITUD FIJA | |
| campo de control de longitud fija | 210825b2020 xxu||||| |||| 00| 0 spa d |
| 020 ## - INTERNATIONAL STANDARD BOOK NUMBER | |
| Número Internacional Estándar del Libro | 9788436843132 |
| 041 ## - IDIOMA | |
| Código de idioma del texto/pista de sonido o título separado | Español |
| 082 ## - CLASIFICACIÓN DECIMAL DEWEY | |
| Número de clasificación | 657 C419c |
| 100 ## - AUTOR PERSONAL | |
| Nombre de persona | Cervera Oliver, Mercedes |
| 245 ## - TÍTULO PROPIAMENTE DICHO | |
| Título | Contabilidad básica |
| 260 ## - PIE DE IMPRENTA | |
| Lugar de publicación, distribución, etc. | España |
| 260 ## - PIE DE IMPRENTA | |
| Nombre del editor, distribuidor, etc. | Pirámide |
| 260 ## - PIE DE IMPRENTA | |
| Fecha de publicación, distribución, etc. | 2020 |
| 300 ## - DESCRIPCIÓN FÍSICA | |
| Extensión | 265 páginas |
| 650 ## - Materia General | |
| Materia general | CONTABILIDAD FINANCIERA |
| 650 ## - Materia General | |
| Materia general | HISTORIA DE LA CONTABILIDAD |
| 650 ## - Materia General | |
| Materia general | CICLO CONTABLE |
| 650 ## - Materia General | |
| Materia general | PATRIMONIO |
| 650 ## - Materia General | |
| Materia general | RENTA |
| 650 ## - Materia General | |
| Materia general | CUENTA |
| 650 ## - Materia General | |
| Materia general | MÉTODO CONTABLE |
| 650 ## - Materia General | |
| Materia general | EJERCICIO CONTABLE |
| 650 ## - Materia General | |
| Materia general | GASTOS |
| 650 ## - Materia General | |
| Materia general | INGRESOS |
| 650 ## - Materia General | |
| Materia general | ACTIVO NO CORRIENTE |
| 650 ## - Materia General | |
| Materia general | ACTIVO CORRIENTE |
| 650 ## - Materia General | |
| Materia general | PASIVO NO CORRIENTE |
| 650 ## - Materia General | |
| Materia general | PASIVO CORRIENTE |
| 650 ## - Materia General | |
| Materia general | PATRIMONIO NETO |
| 650 ## - Materia General | |
| Materia general | BALANCE |
| 692 ## - Carreras | |
| Carrera | Dirección y Administración de Empresas |
| 942 ## - Punto de Acceso Adicional Koha | |
| Tipo de ítem Koha | Libro |
| Estado perdido | Estado dañado | No para préstamo | Biblioteca permanente | Biblioteca actual | Signatura completa | Código de barras | Precio efectivo a partir del | Programa Académico | Tipo de ítem |
|---|---|---|---|---|---|---|---|---|---|
| Departamento de Biblioteca y Documentación Alfonso Chase Brenes | Departamento de Biblioteca y Documentación Alfonso Chase Brenes | 657 C419c | 25384 | 25/08/2021 | Dirección y Administración de Empresas | Libro |